Podiums comparés (1) JP Tokyo / JP Paris par discipline - Statistiques

Statistiques générales
  • Ce quiz a été pris 5 fois
  • Le résultat moyen est 230 sur 393
Statistiques - réponses
Pays % Correct
Paris Tennis de table Classe 4 Or H
100%
Paris Tennis de table Classe 4 Argent H
100%
Paris Tennis de table Classe 4 Bronze H
100%
Tokyo Tennis de table Classe 8 Or Chine H
80%
Tokyo Tennis de table Classe 8 Bronze Chine H
80%
Tokyo Tennis de table Classe 7 Or Chine H
80%
Tokyo Tennis de table Classe 7 Bronze Chine H
80%
Tokyo Tennis de table Classe 7 Bronze Chine H
80%
Tokyo Tennis de table Classe 5 Argent Chine H
80%
Tokyo Tennis de table Classe 3 Or Chine H
80%
Tokyo Tennis de table Classe 3 Bronze Chine H
80%
Tokyo Cyclisme Vitesse C1-2-3 Bronze Chine F
80%
Tokyo Cyclisme sur route Course en ligne T1-2 Or Chine H
80%
Tokyo Cyclisme sur route Course en ligne H5 Argent Chine F
80%
Tokyo Cyclisme sur route Course contre la montre T1-2 Or Chine H
80%
Tokyo Cyclisme sur route Course contre la montre H4-5 Argent Chine F
80%
Tokyo Cyclisme Sprint par équipe C1-5 Argent Chine Mixte
80%
Tokyo Cyclisme Poursuite C2 Bronze Chine H
80%
Tokyo Cyclisme Poursuite C1-2-3 Argent Chine F
80%
Tokyo Cyclisme Poursuite C1 Bronze Chine H
80%
Tokyo Cyclisme Kilomètre C1-2-3 Or Chine H
80%
Paris Tennis de table Classe 8 Argent Chine H
80%
Paris Tennis de table Classe 7 Or Chine H
80%
Paris Tennis de table Classe 3 Or Chine H
80%
Paris Tennis de table Classe 10 Argent Chine H
80%
Paris Cyclisme Vitesse C1-2-3 Argent Chine F
80%
Paris Cyclisme sur route Course en ligne T1-2 Or Chine H
80%
Paris Cyclisme sur route Course en ligne H5 Argent Chine F
80%
Paris Cyclisme sur route Course contre la montre T1-2 Or Chine H
80%
Paris Cyclisme sur route Course contre la montre H4-5 Bronze Chine F
80%
Paris Cyclisme Poursuite C1-2-3 Or Chine F
80%
Paris Cyclisme Poursuite C1 Or Chine H
80%
Paris Cyclisme Poursuite C1 Argent Chine H
80%
Paris Cyclisme Kilomètre C1-2-3 Or Chine H
80%
Paris Cyclisme Kilomètre C1-2-3 Argent Chine H
80%
Tokyo Cyclisme sur route Course contre la montre H1 Or Afrique-du-Sud H
60%
Paris Cyclisme sur route Course contre la montre H1 Bronze Afrique-du-Sud H
60%
Tokyo Tennis de table Classe 5 Or Allemagne H
60%
Tokyo Tennis de table Classe 3 Argent Allemagne H
60%
Tokyo Cyclisme sur route Course en ligne T1-2 Or Allemagne F
60%
Tokyo Cyclisme sur route Course en ligne T1-2 Argent Allemagne F
60%
Tokyo Cyclisme sur route Course en ligne H1-2-3-4 Argent Allemagne F
60%
Tokyo Cyclisme sur route Course contre la montre T1-2 Or Allemagne F
60%
Tokyo Cyclisme sur route Course contre la montre T1-2 Bronze Allemagne F
60%
Tokyo Cyclisme sur route Course contre la montre H3 Argent Allemagne H
60%
Tokyo Cyclisme sur route Course contre la montre H1-2-3 Or Allemagne F
60%
Tokyo Cyclisme sur route Course contre la montre C5 Bronze Allemagne F
60%
Tokyo Cyclisme sur route Course contre la montre C3 Argent Allemagne H
60%
Tokyo Cyclisme sur route Course contre la montre C3 Bronze Allemagne H
60%
Tokyo Cyclisme sur route Course contre la montre C1 Bronze Allemagne H
60%
Tokyo Cyclisme Poursuite C1-2-3 Bronze Allemagne F
60%
Paris Tennis de table Classe 3 Argent Allemagne H
60%
Paris Cyclisme Vitesse C1-2-3 Bronze Allemagne F
60%
Paris Cyclisme sur route Course en ligne H1-2-3-4 Bronze Allemagne F
60%
Paris Cyclisme sur route Course contre la montre H1-2-3 Bronze Allemagne F
60%
Paris Cyclisme sur route Course contre la montre C3 Bronze Allemagne H
60%
Paris Cyclisme sur route Course contre la montre C1-2-3 Or Allemagne F
60%
Paris Cyclisme sur route Course contre la montre C1 Argent Allemagne H
60%
Paris Cyclisme Kilomètre B Bronze Allemagne H
60%
Tokyo Tennis de table Classe 9 Argent Australie H
60%
Tokyo Tennis de table classe 11 Argent Australie H
60%
Tokyo Cyclisme Vitesse C1-2-3 Or Australie F
60%
Tokyo Cyclisme sur route Course en ligne C 1-2-3 Bronze Australie F
60%
Tokyo Cyclisme sur route Course contre la montre T1-2 Argent Australie F
60%
Tokyo Cyclisme sur route Course contre la montre C5 Bronze Australie H
60%
Tokyo Cyclisme sur route Course contre la montre C4 Argent Australie F
60%
Tokyo Cyclisme sur route Course contre la montre C4 Bronze Australie F
60%
Tokyo Cyclisme sur route Course contre la montre C2 Or Australie H
60%
Tokyo Cyclisme sur route Course contre la montre C1-2-3 Bronze Australie F
60%
Tokyo Cyclisme Poursuite C5 Argent Australie H
60%
Tokyo Cyclisme Poursuite C4 Or Australie F
60%
Tokyo Cyclisme Poursuite C3 Bronze Australie H
60%
Tokyo Cyclisme Poursuite C2 Argent Australie H
60%
Tokyo Cyclisme Poursuite C1-2-3 Or Australie F
60%
Paris Tennis de table Classe 9 Bronze Australie H
60%
Paris Cyclisme Vitesse C1-2-3 Or Australie F
60%
Paris Cyclisme sur route Course en ligne H1-2-3-4 Or Australie F
60%
Paris Cyclisme sur route Course contre la montre H1-2-3 Argent Australie F
60%
Paris Cyclisme sur route Course contre la montre C5 Argent Australie H
60%
Paris Cyclisme sur route Course contre la montre C4 Argent Australie F
60%
Paris Cyclisme sur route Course contre la montre C4 Bronze Australie F
60%
Paris Cyclisme sur route Course contre la montre C2 Bronze Australie H
60%
Paris Cyclisme Sprint par équipe C1-5 Bronze Australie Mixte
60%
Paris Cyclisme Poursuite C4 Or Australie F
60%
Paris Cyclisme Kilomètre B Argent Australie F
60%
Tokyo Tennis de table Classe 9 Or Belgique H
60%
Tokyo Tennis de table classe 11 Bronze Belgique H
60%
Tokyo Cyclisme sur route Course en ligne T1-2 Argent Belgique H
60%
Tokyo Cyclisme sur route Course contre la montre T1-2 Bronze Belgique H
60%
Tokyo Cyclisme sur route Course contre la montre H1 Bronze Belgique H
60%
Tokyo Cyclisme sur route Course contre la montre C2 Argent Belgique H
60%
Tokyo Cyclisme Kilomètre B Bronze Belgique F
60%
Paris Tennis de table Classe 9 Or Belgique H
60%
Paris Cyclisme sur route Course contre la montre T1-2 Bronze Belgique H
60%
Paris Cyclisme sur route Course contre la montre H4 Bronze Belgique H
60%
Paris Cyclisme sur route Course contre la montre H1 Argent Belgique H
60%
Paris Cyclisme sur route Course contre la montre C2 Argent Belgique H
60%
Paris Cyclisme Poursuite C2 Argent Belgique H
60%
Tokyo Cyclisme Vitesse C4-5 Argent Canada F
60%
Tokyo Cyclisme Poursuite C4 Bronze Canada F
60%
Tokyo Cyclisme Poursuite C1 Argent Canada H
60%
Paris Cyclisme Vitesse C4-5 Bronze Canada F
60%
Paris Cyclisme sur route Course contre la montre T1-2 Argent Canada H
60%
Paris Cyclisme Poursuite C4 Bronze Canada F
60%
Paris Cyclisme Poursuite C3 Bronze Canada H
60%
Tokyo Tennis de table Classe 4 Argent Corée-du-Sud H
60%
Tokyo Tennis de table Classe 2 Bronze Corée-du-Sud H
60%
Tokyo Tennis de table Classe 2 Bronze Corée-du-Sud H
60%
Tokyo Tennis de table Classe 1 Or Corée-du-Sud H
60%
Tokyo Tennis de table Classe 1 Argent Corée-du-Sud H
60%
Tokyo Tennis de table Classe 1 Bronze Corée-du-Sud H
60%
Paris Tennis de table Classe 3 Bronze Corée-du-Sud H
60%
Paris Tennis de table Classe 2 Bronze Corée-du-Sud H
60%
Paris Tennis de table classe 11 Or Corée-du-Sud H
60%
Paris Tennis de table Classe 1 Or Cuba H
60%
Tokyo Tennis de table Classe 6 Argent Danemark H
60%
Paris Tennis de table Classe 6 Bronze Danemark H
60%
Paris Cyclisme sur route Course en ligne T1-2 Or Danemark F
60%
Paris Cyclisme sur route Course contre la montre T1-2 Bronze Danemark F
60%
Tokyo Cyclisme sur route Course en ligne H1-2 Bronze Espagne H
60%
Tokyo Cyclisme sur route Course contre la montre H3 Bronze Espagne H
60%
Tokyo Cyclisme sur route Course contre la montre H2 Or Espagne H
60%
Tokyo Cyclisme sur route Course contre la montre B Bronze Espagne H
60%
Tokyo Cyclisme Sprint par équipe C1-5 Bronze Espagne Mixte
60%
Tokyo Cyclisme Kilomètre C4-5 Or Espagne H
60%
Paris Tennis de table Classe 9 Bronze Espagne H
60%
Paris Cyclisme sur route Course en ligne H1-2 Argent Espagne H
60%
Paris Cyclisme sur route Course contre la montre H2 Or Espagne H
60%
Paris Cyclisme sur route Course contre la montre C4 Bronze Espagne H
60%
Paris Cyclisme sur route Course contre la montre C3 Argent Espagne H
60%
Paris Cyclisme sur route Course contre la montre C1 Or Espagne H
60%
Paris Cyclisme Sprint par équipe C1-5 Argent Espagne Mixte
60%
Paris Cyclisme Poursuite C1 Bronze Espagne H
60%
Paris Cyclisme Kilomètre C4-5 Bronze Espagne H
60%
Tokyo Tennis de table Classe 6 Or Etats-Unis H
60%
Tokyo Tennis de table Classe 3 Bronze Etats-Unis H
60%
Tokyo Cyclisme sur route Relais par équipe C1-5 Bronze Etats-Unis Mixte
60%
Tokyo Cyclisme sur route Course en ligne T1-2 Bronze Etats-Unis F
60%
Tokyo Cyclisme sur route Course en ligne H5 Or Etats-Unis F
60%
Tokyo Cyclisme sur route Course en ligne H1-2-3-4 Bronze Etats-Unis F
60%
Tokyo Cyclisme sur route Course contre la montre H4-5 Or Etats-Unis F
60%
Tokyo Cyclisme sur route Course contre la montre C4 Or Etats-Unis F
60%
Tokyo Cyclisme sur route Course contre la montre C1 Argent Etats-Unis H
60%
Tokyo Cyclisme Poursuite C4 Argent Etats-Unis F
60%
Paris Tennis de table Classe 6 Bronze Etats-Unis H
60%
Paris Cyclisme sur route Relais par équipe C1-5 Bronze Etats-Unis Mixte
60%
Paris Cyclisme sur route Course en ligne T1-2 Argent Etats-Unis H
60%
Paris Cyclisme sur route Course en ligne H5 Or Etats-Unis F
60%
Paris Cyclisme sur route Course en ligne C 1-2-3 Bronze Etats-Unis F
60%
Paris Cyclisme sur route Course contre la montre H4-5 Or Etats-Unis F
60%
Paris Cyclisme sur route Course contre la montre H1-2-3 Or Etats-Unis F
60%
Paris Cyclisme sur route Course contre la montre C4 Or Etats-Unis F
60%
Paris Cyclisme Poursuite C5 Bronze Etats-Unis H
60%
Tokyo Tennis de table Classe 4 Bronze France H
60%
Tokyo Tennis de table Classe 2 Or France H
60%
Tokyo Tennis de table classe 11 Bronze France H
60%
Tokyo Tennis de table Classe 10 Argent France H
60%
Tokyo Cyclisme sur route Relais par équipe C1-5 Argent France Mixte
60%
Tokyo Cyclisme sur route Course en ligne H5 Argent France H
60%
Tokyo Cyclisme sur route Course en ligne H1-2 Or France H
60%
Tokyo Cyclisme sur route Course en ligne C 4-5 Or France H
60%
Tokyo Cyclisme sur route Course en ligne C 4-5 Bronze France F
60%
Tokyo Cyclisme sur route Course en ligne C 1-2-3 Bronze France H
60%
Tokyo Cyclisme sur route Course en ligne B Bronze France H
60%
Tokyo Cyclisme sur route Course contre la montre H5 Argent France H
60%
Tokyo Cyclisme sur route Course contre la montre H2 Bronze France H
60%
Tokyo Cyclisme sur route Course contre la montre C2 Bronze France H
60%
Tokyo Cyclisme sur route Course contre la montre B Or France H
60%
Tokyo Cyclisme Poursuite C5 Or France H
60%
Tokyo Cyclisme Poursuite C5 Bronze France F
60%
Tokyo Cyclisme Poursuite C2 Or France H
60%
Tokyo Cyclisme Poursuite B Bronze France H
60%
Tokyo Cyclisme Kilomètre C1-2-3 Argent France H
60%
Tokyo Cyclisme Kilomètre B Bronze France H
60%
Paris Tennis de table Classe 9 Argent France H
60%
Paris Tennis de table Classe 2 Bronze France H
60%
Paris Tennis de table Classe 10 Bronze France H
60%
Paris Cyclisme Vitesse C4-5 Argent France F
60%
Paris Cyclisme sur route Relais par équipe C1-5 Or France Mixte
60%
Paris Cyclisme sur route Course en ligne H5 Argent France H
60%
Paris Cyclisme sur route Course en ligne H3 Or France H
60%
Paris Cyclisme sur route Course en ligne H3 Argent France H
60%
Paris Cyclisme sur route Course en ligne H1-2 Or France H
60%
Paris Cyclisme sur route Course en ligne C 4-5 Argent France H
60%
Paris Cyclisme sur route Course en ligne C 4-5 Argent France F
60%
Paris Cyclisme sur route Course en ligne C 1-2-3 Argent France H
60%
Paris Cyclisme sur route Course en ligne C 1-2-3 Bronze France H
60%
Paris Cyclisme sur route Course en ligne B Bronze France H
60%
Paris Cyclisme sur route Course contre la montre H5 Argent France H
60%
Paris Cyclisme sur route Course contre la montre H3 Or France H
60%
Paris Cyclisme sur route Course contre la montre H3 Argent France H
60%
Paris Cyclisme sur route Course contre la montre H2 Bronze France H
60%
Paris Cyclisme sur route Course contre la montre C5 Bronze France H
60%
Paris Cyclisme sur route Course contre la montre C5 Argent France F
60%
Paris Cyclisme sur route Course contre la montre C4 Or France H
60%
Paris Cyclisme sur route Course contre la montre C4 Argent France H
60%
Paris Cyclisme sur route Course contre la montre C3 Or France H
60%
Paris Cyclisme sur route Course contre la montre C2 Or France H
60%
Paris Cyclisme sur route Course contre la montre B Argent France H
60%
Paris Cyclisme Poursuite C5 Or France H
60%
Paris Cyclisme Poursuite C5 Or France F
60%
Paris Cyclisme Poursuite C5 Argent France F
60%
Paris Cyclisme Poursuite C4 Bronze France H
60%
Paris Cyclisme Poursuite C2 Or France H
60%
Paris Cyclisme Kilomètre C1-2-3 Bronze France H
60%
Tokyo Tennis de table classe 11 Or Hongrie H
60%
Paris Tennis de table Classe 6 Argent Hongrie H
60%
Paris Tennis de table classe 11 Bronze Hongrie H
60%
Paris Tennis de table Classe 1 Bronze Hongrie H
60%
Tokyo Cyclisme sur route Course en ligne B Or Irlande F
60%
Tokyo Cyclisme sur route Course contre la montre H5 Bronze Irlande H
60%
Tokyo Cyclisme sur route Course contre la montre B Or Irlande F
60%
Tokyo Cyclisme Poursuite B Argent Irlande F
60%
Paris Cyclisme sur route Course en ligne B Argent Irlande F
60%
Paris Cyclisme sur route Course contre la montre B Or Irlande F
60%
Paris Cyclisme Poursuite B Argent Irlande F
60%
Tokyo Cyclisme sur route Relais par équipe C1-5 Or Italie Mixte
60%
Tokyo Cyclisme sur route Course en ligne H5 Bronze Italie F
60%
Tokyo Cyclisme sur route Course en ligne H1-2 Argent Italie H
60%
Tokyo Cyclisme sur route Course contre la montre T1-2 Argent Italie H
60%
Tokyo Cyclisme sur route Course contre la montre H2 Argent Italie H
60%
Tokyo Cyclisme sur route Course contre la montre H1-2-3 Argent Italie F
60%
Tokyo Cyclisme sur route Course contre la montre H1 Argent Italie H
60%
Paris Tennis de table Classe 6 Or Italie H
60%
Paris Tennis de table Classe 1 Bronze Italie H
60%
Paris Cyclisme sur route Relais par équipe C1-5 Argent Italie Mixte
60%
Paris Cyclisme sur route Course en ligne H5 Bronze Italie F
60%
Paris Cyclisme sur route Course en ligne H3 Bronze Italie H
60%
Paris Cyclisme sur route Course en ligne H1-2 Bronze Italie H
60%
Paris Cyclisme sur route Course contre la montre H3 Bronze Italie H
60%
Paris Cyclisme sur route Course contre la montre H2 Argent Italie H
60%
Paris Cyclisme sur route Course contre la montre H1 Or Italie H
60%
Paris Cyclisme Poursuite B Bronze Italie H
60%
Tokyo Cyclisme sur route Course en ligne C 1-2-3 Or Japon F
60%
Tokyo Cyclisme sur route Course contre la montre C1-2-3 Or Japon F
60%
Paris Cyclisme sur route Course en ligne C 1-2-3 Or Japon F
60%
Paris Tennis de table Classe 5 Or Norvège H
60%
Tokyo Cyclisme Vitesse C4-5 Bronze Pays-Bas F
60%
Tokyo Cyclisme Vitesse C1-2-3 Argent Pays-Bas F
60%
Tokyo Cyclisme sur route Course en ligne H5 Or Pays-Bas H
60%
Tokyo Cyclisme sur route Course en ligne H5 Bronze Pays-Bas H
60%
Tokyo Cyclisme sur route Course en ligne H4 Or Pays-Bas H
60%
Tokyo Cyclisme sur route Course en ligne H1-2-3-4 Or Pays-Bas F
60%
Tokyo Cyclisme sur route Course en ligne C 4-5 Bronze Pays-Bas H
60%
Tokyo Cyclisme sur route Course en ligne B Or Pays-Bas H
60%
Tokyo Cyclisme sur route Course en ligne B Argent Pays-Bas H
60%
Tokyo Cyclisme sur route Course contre la montre H5 Or Pays-Bas H
60%
Tokyo Cyclisme sur route Course contre la montre H4-5 Bronze Pays-Bas F
60%
Tokyo Cyclisme sur route Course contre la montre H4 Or Pays-Bas H
60%
Tokyo Cyclisme sur route Course contre la montre C5 Or Pays-Bas H
60%
Tokyo Cyclisme sur route Course contre la montre B Argent Pays-Bas H
60%
Tokyo Cyclisme Poursuite B Or Pays-Bas H
60%
Tokyo Cyclisme Kilomètre C1-2-3 Bronze Pays-Bas H
60%
Tokyo Cyclisme Kilomètre B Or Pays-Bas F
60%
Paris Tennis de table Classe 7 Bronze Pays-Bas H
60%
Paris Cyclisme Vitesse C4-5 Or Pays-Bas F
60%
Paris Cyclisme sur route Course en ligne T1-2 Bronze Pays-Bas F
60%
Paris Cyclisme sur route Course en ligne H5 Or Pays-Bas H
60%
Paris Cyclisme sur route Course en ligne H4 Or Pays-Bas H
60%
Paris Cyclisme sur route Course en ligne H1-2-3-4 Argent Pays-Bas F
60%
Paris Cyclisme sur route Course en ligne C 4-5 Bronze Pays-Bas H
60%
Paris Cyclisme sur route Course en ligne B Or Pays-Bas H
60%
Paris Cyclisme sur route Course en ligne B Argent Pays-Bas H
60%
Paris Cyclisme sur route Course contre la montre T1-2 Or Pays-Bas F
60%
Paris Cyclisme sur route Course contre la montre H5 Or Pays-Bas H
60%
Paris Cyclisme sur route Course contre la montre H4-5 Argent Pays-Bas F
60%
Paris Cyclisme sur route Course contre la montre H4 Or Pays-Bas H
60%
Paris Cyclisme sur route Course contre la montre C5 Or Pays-Bas H
60%
Paris Cyclisme sur route Course contre la montre B Or Pays-Bas H
60%
Paris Cyclisme sur route Course contre la montre B Bronze Pays-Bas H
60%
Paris Cyclisme Poursuite B Or Pays-Bas H
60%
Paris Cyclisme sur route Course contre la montre H5 Bronze Portugal H
60%
Tokyo Cyclisme Poursuite C4 Argent Roumanie H
60%
Tokyo Tennis de table Classe 7 Argent Royaume-Uni H
60%
Tokyo Tennis de table Classe 6 Bronze Royaume-Uni H
60%
Tokyo Tennis de table Classe 5 Bronze Royaume-Uni H
60%
Tokyo Tennis de table Classe 1 Bronze Royaume-Uni H
60%
Tokyo Cyclisme Vitesse C4-5 Or Royaume-Uni F
60%
Tokyo Cyclisme sur route Course en ligne C 4-5 Or Royaume-Uni F
60%
Tokyo Cyclisme sur route Course en ligne C 4-5 Argent Royaume-Uni F
60%
Tokyo Cyclisme sur route Course en ligne C 1-2-3 Or Royaume-Uni H
60%
Tokyo Cyclisme sur route Course en ligne C 1-2-3 Argent Royaume-Uni H
60%
Tokyo Cyclisme sur route Course en ligne B Argent Royaume-Uni F
60%
Tokyo Cyclisme sur route Course contre la montre C5 Or Royaume-Uni F
60%
Tokyo Cyclisme sur route Course contre la montre C5 Argent Royaume-Uni F
60%
Tokyo Cyclisme sur route Course contre la montre C4 Bronze Royaume-Uni H
60%
Tokyo Cyclisme sur route Course contre la montre C3 Or Royaume-Uni H
60%
Tokyo Cyclisme sur route Course contre la montre B Argent Royaume-Uni F
60%
Tokyo Cyclisme Sprint par équipe C1-5 Or Royaume-Uni Mixte
60%
Tokyo Cyclisme Poursuite C5 Or Royaume-Uni F
60%
Tokyo Cyclisme Poursuite C5 Argent Royaume-Uni F
60%
Tokyo Cyclisme Poursuite C3 Or Royaume-Uni H
60%
Tokyo Cyclisme Poursuite C3 Argent Royaume-Uni H
60%
Tokyo Cyclisme Poursuite B Argent Royaume-Uni H
60%
Tokyo Cyclisme Poursuite B Or Royaume-Uni F
60%
Tokyo Cyclisme Poursuite B Bronze Royaume-Uni F
60%
Tokyo Cyclisme Kilomètre C4-5 Argent Royaume-Uni H
60%
Tokyo Cyclisme Kilomètre B Or Royaume-Uni H
60%
Tokyo Cyclisme Kilomètre B Argent Royaume-Uni H
60%
Tokyo Cyclisme Kilomètre B Argent Royaume-Uni F
60%
Paris Tennis de table Classe 7 Argent Royaume-Uni H
60%
Paris Tennis de table Classe 1 Argent Royaume-Uni H
60%
Paris Cyclisme sur route Course en ligne C 4-5 Or Royaume-Uni F
60%
Paris Cyclisme sur route Course en ligne C 1-2-3 Or Royaume-Uni H
60%
Paris Cyclisme sur route Course en ligne B Or Royaume-Uni F
60%
Paris Cyclisme sur route Course en ligne B Bronze Royaume-Uni F
60%
Paris Cyclisme sur route Course contre la montre C5 Or Royaume-Uni F
60%
Paris Cyclisme sur route Course contre la montre C1-2-3 Argent Royaume-Uni F
60%
Paris Cyclisme sur route Course contre la montre B Argent Royaume-Uni F
60%
Paris Cyclisme sur route Course contre la montre B Bronze Royaume-Uni F
60%
Paris Cyclisme Sprint par équipe C1-5 Or Royaume-Uni Mixte
60%
Paris Cyclisme Poursuite C4 Argent Royaume-Uni H
60%
Paris Cyclisme Poursuite C3 Or Royaume-Uni H
60%
Paris Cyclisme Poursuite C3 Argent Royaume-Uni H
60%
Paris Cyclisme Poursuite C2 Bronze Royaume-Uni H
60%
Paris Cyclisme Poursuite C1-2-3 Argent Royaume-Uni F
60%
Paris Cyclisme Poursuite B Argent Royaume-Uni H
60%
Paris Cyclisme Poursuite B Or Royaume-Uni F
60%
Paris Cyclisme Poursuite B Bronze Royaume-Uni F
60%
Paris Cyclisme Kilomètre C4-5 Argent Royaume-Uni H
60%
Paris Cyclisme Kilomètre B Or Royaume-Uni H
60%
Paris Cyclisme Kilomètre B Argent Royaume-Uni H
60%
Paris Cyclisme Kilomètre B Or Royaume-Uni F
60%
Paris Cyclisme Kilomètre B Bronze Royaume-Uni F
60%
Tokyo Tennis de table Classe 9 Bronze Russie H
60%
Tokyo Cyclisme sur route Course en ligne H3 Or Russie H
60%
Tokyo Cyclisme sur route Course contre la montre C1 Or Russie H
60%
Tokyo Cyclisme Poursuite C1 Or Russie H
60%
Tokyo Cyclisme sur route Course en ligne C 1-2-3 Argent Suède F
60%
Tokyo Cyclisme sur route Course en ligne B Bronze Suède F
60%
Tokyo Cyclisme sur route Course contre la montre C1-2-3 Argent Suède F
60%
Tokyo Cyclisme sur route Course contre la montre B Bronze Suède F
60%
Paris Cyclisme sur route Course contre la montre C1-2-3 Bronze Suède F
60%
Paris Tennis de table Classe 5 Argent Taïwan H
60%
Paris Tennis de table classe 11 Argent Taïwan H
60%
Tokyo Tennis de table Classe 5 Bronze Turquie H
60%
Tokyo Tennis de table Classe 4 Or Turquie H
60%
Tokyo Tennis de table Classe 4 Bronze Turquie H
60%
Paris Tennis de table Classe 5 Bronze Turquie H
60%
Tokyo Cyclisme sur route Course en ligne T1-2 Bronze Colombie H
40%
Tokyo Cyclisme Poursuite C4 Bronze Colombie H
40%
Paris Cyclisme sur route Course en ligne T1-2 Bronze Colombie H
40%
Paris Cyclisme sur route Course en ligne C 4-5 Bronze Colombie F
40%
Paris Cyclisme Poursuite C5 Bronze Nouvelle-Zélande F
40%
Paris Cyclisme Poursuite C4 Argent Nouvelle-Zélande F
40%
Tokyo Tennis de table Classe 2 Argent Pologne H
40%
Tokyo Tennis de table Classe 10 Or Pologne H
40%
Tokyo Tennis de table Classe 10 Bronze Pologne H
40%
Tokyo Cyclisme sur route Course contre la montre H1-2-3 Bronze Pologne F
40%
Paris Tennis de table Classe 2 Or Pologne H
40%
Paris Tennis de table Classe 10 Or Pologne H
40%
Paris Cyclisme sur route Course en ligne H4 Bronze Pologne H
40%
Paris Cyclisme sur route Course contre la montre C1 Bronze Pologne H
40%
Paris Tennis de table Classe 5 Bronze Serbie H
40%
Tokyo Cyclisme sur route Course contre la montre C4 Or Slovaquie H
40%
Tokyo Cyclisme sur route Course contre la montre C4 Argent Slovaquie H
40%
Tokyo Cyclisme Poursuite C4 Or Slovaquie H
40%
Tokyo Cyclisme Kilomètre C4-5 Bronze Slovaquie H
40%
Paris Cyclisme Poursuite C4 Or Slovaquie H
40%
Tokyo Cyclisme sur route Course en ligne H3 Argent Suisse H
40%
Paris Cyclisme sur route Course en ligne T1-2 Argent Suisse F
40%
Paris Cyclisme sur route Course en ligne C 1-2-3 Argent Suisse F
40%
Paris Cyclisme sur route Course contre la montre T1-2 Argent Suisse F
40%
Paris Cyclisme sur route Course contre la montre C5 Bronze Suisse F
40%
Paris Cyclisme Poursuite C1-2-3 Bronze Suisse F
40%
Paris Tennis de table Classe 2 Argent Tchéquie H
40%
Tokyo Tennis de table Classe 6 Bronze Thaïlande H
40%
Paris Tennis de table Classe 8 Bronze Thaïlande H
40%
Paris Tennis de table Classe 7 Bronze Thaïlande H
40%
Paris Tennis de table Classe 3 Bronze Thaïlande H
40%
Tokyo Tennis de table Classe 9 Bronze Ukraine H
40%
Tokyo Tennis de table Classe 8 Argent Ukraine H
40%
Tokyo Tennis de table Classe 8 Bronze Ukraine H
40%
Tokyo Cyclisme sur route Course en ligne C 4-5 Argent Ukraine H
40%
Tokyo Cyclisme sur route Course contre la montre C5 Argent Ukraine H
40%
Tokyo Cyclisme Poursuite C5 Bronze Ukraine H
40%
Paris Tennis de table Classe 8 Or Ukraine H
40%
Paris Tennis de table Classe 8 Bronze Ukraine H
40%
Paris Cyclisme sur route Course en ligne H5 Bronze Ukraine H
40%
Paris Cyclisme sur route Course en ligne C 4-5 Or Ukraine H
40%
Paris Cyclisme Poursuite C5 Argent Ukraine H
40%
Tokyo Cyclisme sur route Course en ligne H4 Argent Autriche H
20%
Tokyo Cyclisme sur route Course en ligne H4 Bronze Autriche H
20%
Tokyo Cyclisme sur route Course en ligne H3 Bronze Autriche H
20%
Tokyo Cyclisme sur route Course contre la montre H4 Argent Autriche H
20%
Tokyo Cyclisme sur route Course contre la montre H4 Bronze Autriche H
20%
Tokyo Cyclisme sur route Course contre la montre H3 Or Autriche H
20%
Paris Tennis de table classe 11 Bronze Autriche H
20%
Paris Cyclisme sur route Course en ligne H4 Argent Autriche H
20%
Paris Cyclisme sur route Course contre la montre H4 Argent Autriche H
20%
Paris Cyclisme Kilomètre C4-5 Or Ausralie H
0%
Tokyo Tennis de table Classe 10 Bronze Monténégro H
0%
Paris Tennis de table Classe 10 Bronze Monténégro H
0%
Aucun quiz correspondant
Distribution des résultats
% des personnes avec chaque résultat
Percentile par nombre de réponses
Votre historique - résultats
Vous n’avez pas pris ce quiz